| 000 -LEADER |
| fixed length control field |
00662cam a2200205 a 4500 |
| 020 ## - INTERNATIONAL STANDARD BOOK NUMBER |
| ISBN |
9781555705930 (alk. paper) |
| 020 ## - INTERNATIONAL STANDARD BOOK NUMBER |
| ISBN |
1555705936 (alk. paper) |
| 040 ## - CATALOGING SOURCE |
| Transcribing agency |
DLC |
| 082 00 - DEWEY DECIMAL CLASSIFICATION NUMBER |
| Classification number |
027 NSP 2007 C152 Or. |
| 100 1# - MAIN ENTRY--AUTHOR NAME |
| Personal name |
Doyle, Miranda, |
| 245 10 - TITLE STATEMENT |
| Title |
101+ great ideas for teen library Web sites / |
| 246 3# - VARYING FORM OF TITLE |
| Title proper/short title |
One hundred and one plus great ideas for teen library Web sites |
| 260 ## - PUBLICATION, DISTRIBUTION, ETC. (IMPRINT) |
| Place of publication |
New York : |
| Name of publisher |
Neal-Schuman Publishers, |
| Year of publication |
c2007 |
| 300 ## - PHYSICAL DESCRIPTION |
| Number of Pages |
xx, 307 p. : |
| Other physical details |
ill. ; |
| Dimensions |
23 cm |
| 650 #0 - SUBJECT ADDED ENTRY--TOPICAL TERM |
| Topical Term |
Library Web sites |
| 650 #0 - SUBJECT ADDED ENTRY--TOPICAL TERM |
| Topical Term |
Web sites for teenagers |
| 650 #0 - SUBJECT ADDED ENTRY--TOPICAL TERM |
| Topical Term |
Internet in young adults' libraries |
| 650 #0 - SUBJECT ADDED ENTRY--TOPICAL TERM |
| Topical Term |
Libraries and teenagers |
| 942 ## - ADDED ENTRY ELEMENTS (KOHA) |
| Koha item type |
ADB |
| 952 ## - LOCATION AND ITEM INFORMATION (KOHA) |
| Withdrawn status [LOCAL, KOHA] |
0 |